Сборник задач по дозиметрии и защите от ионизирующих излучений: учебное пособие

Մատենագիտական մանրամասներ
Հիմնական հեղինակ: Иванов В. И. Виктор Иванович
Այլ հեղինակներ: Климанов В. А. Владимир Александрович, Машкович В. П. Вадим Павлович
Լեզու:ռուսերեն
Հրապարակվել է: Москва, Энергоатомиздат, 1992
Հրատարակություն:4-е изд., перераб. и доп.
Խորագրեր:
Ձևաչափ: Գիրք
KOHA link:https://koha.lib.tpu.ru/cgi-bin/koha/opac-detail.pl?biblionumber=33306

MARC

LEADER 00000nam0a2200000 4500
001 33306
005 20231101210145.0
010 |a 5283030830 
035 |a (RuTPU)RU\TPU\book\33636 
035 |a BOOK00000287 
090 |a 33306 
100 |a 20011210d1992 m y0rusy50 ca 
101 0 |a rus 
102 |a RU 
105 |a a j 000zy 
200 1 |a Сборник задач по дозиметрии и защите от ионизирующих излучений  |e учебное пособие  |f В. И. Иванов, В. А. Климанов, В. П. Машкович 
205 |a 4-е изд., перераб. и доп. 
210 |a Москва  |c Энергоатомиздат  |d 1992 
215 |a 256 с.  |c ил. 
451 1 |0 (RuTPU)RU\TPU\book\33635  |t Сборник задач по дозиметрии и защите от ионизирующих излучений  |o учебное пособие  |f В. И. Иванов, В. П. Машкович  |e 3-е изд., перераб.  |c Москва  |n Атомиздат  |d 1980  |p 247 с.  |a Иванов, Виктор Иванович 
606 |a Дозиметрия  |2 stltpush  |3 (RuTPU)RU\TPU\subj\9856  |9 37017 
606 |a Ионизирующие излучения  |x Дозиметрический контроль  |2 stltpush  |3 (RuTPU)RU\TPU\subj\13047  |9 39730 
610 1 |a задачи 
610 1 |a сборники 
610 1 |a защита 
610 1 |a учебные пособия 
675 |a 539.1.074(076)  |v 3 
700 1 |a Иванов  |b В. И.  |g Виктор Иванович 
701 1 |a Климанов  |b В. А.  |g Владимир Александрович 
701 1 |a Машкович  |b В. П.  |g Вадим Павлович 
801 0 |a RU  |b 63413507  |c 20011210  |g PSBO 
801 2 |a RU  |b 63413507  |c 20201116  |g PSBO 
900 |a Защита от ионизирующего излучения 
900 |a Физика 
900 |a Дозиметрия и защита от ионизирующего излучения ядерного реактора 
900 |a Защита от фотонного излучения 
900 |a Дозиметрия и защита от излучений 
942 |c BK 
951 |a 510400  |b 010400